Trang trí Tập bài giảng
vv
Đã lưu trong:
| Tác giả chính: | |
|---|---|
| Định dạng: | Sách |
| Năm xuất bản: |
H.
Trường CĐ Nhạc họa Trung Ương
1995
|
| Chủ đề: | |
| Tags: |
Thêm thẻ
Không có thẻ, Hãy là người đầu tiên gắn thẻ bản ghi này!
|
| LEADER | 00666nam a2200169 4500 | ||
|---|---|---|---|
| 082 | |a 745 |b TR106tr | ||
| 100 | |a Phạm Viết Hồng Lam | ||
| 245 | |a Trang trí |c Phạm Viết Hồng Lam, Tạ Phương Thảo, Trần Tiểu Lâm |b Tập bài giảng | ||
| 260 | |a H. |b Trường CĐ Nhạc họa Trung Ương |c 1995 | ||
| 300 | |a 120tr. |c 30cm | ||
| 520 | |a vv | ||
| 653 | |a Nghệ thuật | ||
| 653 | |a Nghệ thuật trang trí | ||
| 653 | |a Bài giảng | ||
| 942 | |2 ddc |c SH | ||
| 999 | |c 1879 |d 1879 | ||
| 952 | |0 0 |1 0 |2 ddc |4 0 |6 745_000000000000000_TR106TR |7 0 |8 700 |9 28828 |a qbu |b qbu |c D5 |d 2014-12-10 |g 24000 |o 745 TR106tr |p 4714.C1 |r 0000-00-00 |w 2014-12-10 |y SH |0 0 |6 745_000000000000000_TR106TR | ||